Подробности
| 000 -МАРКЕР |
| контрольное поле |
02266nam0a2200361 4500 |
| 001 - ИДЕНТИФИКАТОР ЗАПИСИ |
| контрольное поле |
RU\NLR\bibl\1784002 |
| 005 - ИДЕНТИФИКАТОР ВЕРСИИ |
| контрольное поле |
20260409070234.0 |
| 010 ## - МЕЖДУНАРОДНЫЙ СТАНДАРТНЫЙ НОМЕР КНИГИ (ISBN) |
| Номер (ISBN) |
978-5-88838-588-3 |
| Тираж |
140 |
| 021 ## - НОМЕР ГОСУДАРСТВЕННОЙ РЕГИСТРАЦИИ |
| Код страны |
российская федерация |
| Номер |
2011-39322 |
| Номер Листа государственной регистраци |
2803 |
| 035 ## - ДРУГИЕ СИСТЕМНЫЕ НОМЕРА |
| Идентификатор записи |
(NLR Aleph) 001774738 |
| 100 ## - ДАННЫЕ ОБЩЕЙ ОБРАБОТКИ |
| Данные общей обработки |
20110630d2010 |||y0rusy50 ca |
| 101 0# - ЯЗЫК РЕСУРСА |
| Язык текста, звукозаписи и т.д. |
русский |
| 102 ## - СТРАНА ПУБЛИКАЦИИ ИЛИ ПРОИЗВОДСТВА |
| Страна публикации |
российская федерация |
| 105 ## - ПОЛЕ КОДИРОВАННЫХ ДАННЫХ: ТЕКСТОВЫЕ МАТЕРИАЛЫ, МОНОГРАФИЧЕСКИЕ |
| Кодированные данные о монографическом текстовом документе |
y ||||||||| |
| 200 1# - ЗАГЛАВИЕ И СВЕДЕНИЯ ОБ ОТВЕТСТВЕННОСТИ |
| Основное заглавие |
Великий подвиг советского народа в Великой Отечественной войне (1941-1945 гг.) |
| Сведения, относящиеся к заглавию |
материалы Международной научной конференции, посвященной 65-й годовщине Победы в Великой Отечественной войне, 20 апреля 2010 г. |
| Первые сведения об ответственности |
[редкол.: В.А. Лабузов, д.ист.н., проф. и др.] |
| 210 ## - ПУБЛИКАЦИЯ, РАСПРОСТРАНЕНИЕ И ДР. |
| Место издания, распространения и т.д. |
Оренбург |
| Имя издателя, распространителя и т. д. |
Издательский центр ОГАУ |
| Дата издания, распространения и т.д. |
2010 |
| 215 ## - ФИЗИЧЕСКАЯ ХАРАКТЕРИСТИКА |
| Специфическое обозначение материала и объем |
470, [1] c. |
| Размеры |
22 |
| 300 ## - ОБЩИЕ ПРИМЕЧАНИЯ |
| Текст примечания |
В надзаг.: М-во образования Оренбургской обл., ФГОУ ВПО "Оренбургский гос. аграр. ун-т", Оренбургское отд-ние Академии воен.-ист. наук |
| 320 ## - ПРИМЕЧАНИЯ О НАЛИЧИИ В ДОКУМЕНТЕ БИБЛИОГРАФИИ / УКАЗАТЕЛЯ |
| Текст примечания |
Библиогр. в примеч. в конце докл. |
| 606 ## - НАИМЕНОВАНИЕ ТЕМЫ КАК ПРЕДМЕТ |
| Наименование темы |
Великая Отечественная война |
| Хронологический подзаголовок |
1941 - 1945 |
| Тематический подзаголовок |
Годовщины |
| Формальный подзаголовок |
Съезды, совещания и т.п |
| Идентификатор авторитетной/нормативной записи |
RU\NLR\AUTH\66187542 |
| Системный номер авторитетной/нормативной записи |
1237240 |
| 606 1# - НАИМЕНОВАНИЕ ТЕМЫ КАК ПРЕДМЕТ |
| Наименование темы |
Великая Отечественная война |
| Формальный подзаголовок |
Съезды, совещания и т.п. |
| Хронологический подзаголовок |
1941 - 1945 |
| Системный номер авторитетной/нормативной записи |
903571 |
| Идентификатор авторитетной/нормативной записи |
RU\NLR\auth\668893 |
| 686 ## - ИНДЕКСЫ ДРУГИХ КЛАССИФИКАЦИЙ |
| Индекс |
Т3(2)722я431 |
| 686 ## - ИНДЕКСЫ ДРУГИХ КЛАССИФИКАЦИЙ |
| Индекс |
Ц35(2)722я431 |
| 702 #1 - ИМЯ ЛИЦА - ВТОРИЧНАЯ ОТВЕТСТВЕННОСТЬ |
| Начальный элемент ввода |
Лабузов |
| Часть имени, кроме начального элемента ввода |
В. А. |
| Расширение инициалов личного имени |
Вячеслав Александрович |
| Код отношения |
Редактор |
| 711 12 - НАИМЕНОВАНИЕ ОРГАНИЗАЦИИ - АЛЬТЕРНАТИВНАЯ ОТВЕТСТВЕННОСТЬ |
| Начальный элемент ввода |
"Великий подвиг советского народа в Великой Отечественной войне (1941 - 1945 гг.)", международная научная конференция |
| Дата проведения временной организации |
2010 |
| Место проведения временной организации |
Оренбург |
| Идентификатор авторитетной/нормативной записи |
RU\NLR\AUTH\8810189714 |
| Системный номер авторитетной/нормативной записи |
870612 |
| 801 #0 - ИСТОЧНИК ЗАПИСИ |
| Страна |
российская федерация |
| Организация |
NLR |
| Дата составления |
20110630 |
| Правила каталогизации |
RCR |
| 801 #1 - ИСТОЧНИК ЗАПИСИ |
| Страна |
российская федерация |
| Организация |
NLR |
| Дата составления |
20110630 |
| 942 ## - ДОПОЛНИТЕЛЬНЫЕ ЭЛЕМЕНТЫ ЗАПИСИ (АБИС) |
| Тип экземпляра АБИС |
Книга |
| 980 ## - КОЛЛЕКЦИЯ |
| Название коллекции |
Национальная библиография |